A short history of English literature / (Record no. 8763)
[ view plain ]
| 000 -LEADER | |
|---|---|
| fixed length control field | 00678cam a2200241 a 4500 |
| 001 - CONTROL NUMBER | |
| JCCL Control Number | 8763 |
| 003 - CONTROL NUMBER IDENTIFIER | |
| JCCL marc code | BD-JhCC |
| 005 - DATE AND TIME OF LATEST TRANSACTION | |
| control field | 20180718202553.0 |
| 008 - FIXED-LENGTH DATA ELEMENTS--GENERAL INFORMATION | |
| fixed length control field | 890214s1943 enk 000 0 eng d |
| 035 ## - SYSTEM CONTROL NUMBER | |
| system control number | (BD-JhCC)8763 |
| 035 ## - SYSTEM CONTROL NUMBER | |
| system control number | 2234698 |
| 040 ## - CATALOGING SOURCE | |
| Original cataloging agency | ANL |
| Transcribing agency | ANL |
| Modifying agency | BD-JhCC |
| 041 ## - LANGUAGE CODE | |
| Language code of Book | eng |
| 082 04 - DEWEY DECIMAL CLASSIFICATION NUMBER | |
| Classification number | 820.9 |
| Author mark and Year | EVAN 1943 |
| 100 1# - MAIN ENTRY--PERSONAL NAME | |
| Personal name | Evans, Ifor |
| 245 12 - TITLE STATEMENT | |
| Title | A short history of English literature / |
| Statement of responsibility, etc | Ifor Evans. |
| 260 ## - PUBLICATION, DISTRIBUTION, ETC. (IMPRINT) | |
| Place of publication, distribution, etc | [West Drayton, Middlesex] : |
| Name of publisher, distributor, etc | Penguin Books for The Forces Book Club, |
| Date of publication, distribution, etc | [1943]. |
| 300 ## - PHYSICAL DESCRIPTION | |
| Pagination | 172 p. ; |
| Dimensions | 19 cm. |
| 490 0# - SERIES STATEMENT | |
| Series statement | Pelican Books |
| 650 #0 - SUBJECT ADDED ENTRY--TOPICAL TERM | |
| Topical term or geographic name as entry element | English literature |
| General subdivision | History and criticism. |
| 942 ## - ADDED ENTRY ELEMENTS (KOHA) | |
| Source of classification or shelving scheme | Dewey Decimal Classification |
| Koha item type | Books |
| Source of classification or shelving scheme | Damaged status | Not for loan | Home library | Current library | Shelving location | Total Checkouts | Full call number | Barcode | Date last seen | Copy number | Koha item type | Date of accession |
|---|---|---|---|---|---|---|---|---|---|---|---|---|
| Dewey Decimal Classification | JCC Rouf Library | JCC Rouf Library | General Stacks | 820.9 EVA 1943 | 11534 | 03/03/2018 | C - 1 | Books | ||||
| Dewey Decimal Classification | JCC Rouf Library | JCC Rouf Library | General Stacks | 820.9 EVA 1943 | 12441 | 03/12/2018 | C -3 | Books | ||||
| Dewey Decimal Classification | JCC Rouf Library | JCC Rouf Library | General Stacks | 820.9 EVA 1943 | 12190 | 03/22/2018 | C-2 | Books | 03/22/2018 |